000 01560cab a2200229 4500
001 ABS67548
008 040304n2004 000 0 eng u
035 _a(Sirsi) u125335
100 _aTolson, S.
245 _aNew rules for the blame game
260 _c2004
490 _aBuilding
_v269(8318) 6 February 2004, 58-59(2)
520 _aDiscusses the consequences of"Sahib Foods Ltd and another v Paskin Kyriakides Sands" ([2003] EWCA Civ 1832, ABS 67366). Here the CA partially overruled an original judgment which meant that an architect and its insurers took the full blame for a £17m loss caused by a fire in a food factory. This was started by the negligence of a factory employee but had spread because of the use of composite insulated panels. The architect had taken the whole blame because of the use of the panels which were specified as the architect was only told that the room would be used for steam cooking. The CA ruled that Sahib Foods was found to be contributory negligent for two-thirds of the total loss and had to repay the architects insurers £12m. Concludes that firms should not try and pass the blame unto another party if a loss is suffered and that fault is a commonsense test and should not lead to blanket condemnation of designers.
590 _aABS
650 _aSAHIB FOODS LTD AND ANOTHER V PASKIN KYRIAKIDES SAND
650 _aFIRE DAMAGE
650 _aARCHITECTS' DUTIES
650 _aCONTRIBUTORY NEGLIGENCE
650 _aInsurance
_96249
690 _aPROFESSIONAL PRACTICE-NEGLIGENCE-CASE LAW
942 _n0
999 _c74241
_d74241